| 000 | 01323nam a2200349 a 4500 | ||
|---|---|---|---|
| 001 | |||
| 003 | DO-SdBPM | ||
| 005 | 20260327135053.0 | ||
| 007 | ta | ||
| 008 | 100601s2009 dr 001 0 spa d | ||
| 040 |
_aDO-SdBPM _bspa _cBPMSU _erda _drda |
||
| 082 | 0 | 4 |
_a336.3435 _bH565d, 1953 _222 |
| 100 | 1 |
_aHerrera, César A., _d1910-1988 _eautor _4aut. |
|
| 245 | 1 | 0 |
_aDe Hartmont a Trujillo : _bestudio para la historia de la deuda pública / _cCésar A. Herrera |
| 260 |
_bBanreservas; _bSociedad Dominicana de Bibliófilos, _c2009. |
||
| 264 |
_aSanto Domingo : _bImpresora Dominicana, _c1953 |
||
| 300 |
_a410 páginas ; _c23 cm. |
||
| 336 |
_atexto _btxt _2rdacontent |
||
| 337 |
_asin mediación _bn _2rdamedia |
||
| 338 |
_avolumen _bnc _2rdacarrier |
||
| 500 | _aIncluye referencias bibliográficas y notas al pie de las páginas. | ||
| 500 | _a | ||
| 504 | _aBibliografía : p. 25-26 | ||
| 590 | _aInventariado, 2026/VM | ||
| 650 |
_aDeuda externa _xHistoria _zRepública Dominicana |
||
| 650 | 7 |
_aRepública dominicana _xHistoria _y1865-1916 |
|
| 651 | 7 |
_aRepública Dominicana _xCondiciones económicas |
|
| 651 | 7 |
_aRepública Dominicana _xPolítica y gobierno |
|
| 651 | 7 |
_aRepública Dominicana _xHistoria _yEra de Trujillo 1930-1961 |
|
| 910 | _a VMateo V. Control de calidad. BPMSU | ||
| 942 |
_2ddc _cBK |
||
| 999 |
_c15778 _d15778 |
||